000
00270nam a22001217a 4500
082
_a
658.2 SPR'I
100
_a
SPRIEGEL, WILLIAM R
_9
58552
245
_a
INDUSTRIAL MANAGEMENT
250
_a
5TH
260
_a
NEWYORK
_b
JOHN WILEY
_c
1955
300
_a
47.14P
942
_c
BK
999
_c
568729
_d
568729